|
|
|
|
| LEADER |
01482nam a2200313 a 4500 |
| 001 |
00027867 |
| 003 |
BD-DhAAL |
| 005 |
20251006111540.0 |
| 008 |
1401s2013 bg ar f0 0ben |
| 020 |
|
|
|a 9789848920190
|
| 040 |
|
|
|a BD-DhAAL
|c BD-DhAAL
|
| 041 |
|
|
|a ben
|
| 082 |
0 |
0 |
|a 378/.33/095492
|2 22
|
| 110 |
1 |
|
|a বাংলাদেশ.
|b বিশ্ববিদ্যালয় মঞ্জুরী কমিশন.
|9 3765
|
| 245 |
1 |
0 |
|a ৩৯তম বার্ষিক প্রতিবেদন ২০১২.
|
| 246 |
1 |
|
|i Parallel title on t.p. verso:
|a Annual report
|
| 246 |
1 |
|
|i Title on t.p. verso:
|a Barshik protibedon
|
| 260 |
|
|
|a ঢাকা :
|b বাংলাদেশ বিশ্ববিদ্যালয় মঞ্জুরী কমিশন,
|c ২০১৩
|
| 300 |
|
|
|a xxxii, ৪৫৪ পৃ :
|b চিত্র ;
|c ২৪ সে.মি.
|
| 310 |
|
|
|a বার্ষিক
|
| 541 |
|
|
|e 000২৭৮৬৭
|
| 546 |
|
|
|a In Bengali.
|
| 610 |
1 |
0 |
|a Bangladesh.
|b University Grants Commission
|v Periodicals.
|9 3766
|
| 650 |
|
0 |
|a Education, Higher
|z Bangladesh
|v Periodicals.
|9 3767
|
| 650 |
|
0 |
|a Government aid to higher education
|z Bangladesh
|v Periodicals.
|9 3768
|
| 852 |
1 |
|
|a Ayesha Abed Library
|c General Shelf.
|
| 942 |
|
|
|2 ddc
|c BK
|
| 999 |
|
|
|c 14151
|d 14151
|
| 952 |
|
|
|0 0
|1 0
|2 ddc
|4 0
|6 378_330954920000000_BAR
|7 0
|9 23858
|a BRACUL
|b BRACUL
|c GEN
|d 2014-01-26
|e Complimetary copy of UGC
|l 1
|m 1
|o 378.33095492 BAR
|p 3010027867
|r 2016-02-22
|s 2015-07-02
|t 1
|w 2014-01-26
|y BK
|